1585 1384 1175 1490 1096 1896 1601 1846 1457 1925 1732 1355 1098 1566 1087 1530 1841 1824 1974 1985 1750 1827 1515 1647 1248 1859 1987 1830 1068 1360 1970 1829 1804 1828 1967 1849 1692 1066 1347 1178 1283 1577 1251 1354 1803 1475 1604 1583 1956 1186 1222 1639 1710 1122 1417 1654 1337 1970 1637 1908 1038 1212 1686 1050 1206 1564 1270 1344 1907 1037 1767 1024 1921 1693 1318 1998 1983 1999 1006 1310 1285 1642 1076 1536 1452 1307 1264 1322 1325 1744 1615 2000 1952 1266 1046 1170 1450 1888 1798 BCNSPRNW ULIB Ver.6.0+V

เปลี่ยนเป็นภาษาไทย

Change to English
 แสดงรายละเอียดบรรณานุกรม
  กลับหน้าหลัก

Brief Record : Get Marc (ISO 2709) : E-mail record : QR code < ปิดหน้าต่าง
LEADER : 00000nam 2200000uu 4500
001    13399114847
003     ULIB
008    120611s2553||||th 000 0 tha d
020    9786160602445
090    ^aนว.^bอ525ป 2553
100 0  ^aอัญชรีย์
245 00 ^aปริศนารักจากกามเทพ/^cอัญชรีย์
250    ^aพิมพ์ครั้งที่ 4
260    ^aกรุงเทพฯ:^bแจ่มใส, 2553
300    ^a488 หน้า
945    ^p279^l0^i18290
995    ^aกัณชพร
999    ^aใช้งานได้ทุกระบบ
รายการนี้ยังไม่มีแท็ก
คุณยังไม่ได้ล็อกอิน คุณสามารถมีกิจกรรมร่วมกับเว็บไซต์ได้ แต่ต้องล็อกอินก่อน ::
  ล็อกอิน

รายการสื่อสารสนเทศ

ลำดับที่ ประเภท เลขเรียก/บาร์โค้ด สถานที่ สถานะ
1. นวนิยาย
นวนิยาย
นว. อ525ป 2553  
  Barcode: 18290
ห้องสมุดวิทยาเขตสวรรค์ประชารักษ์
►นวนิยาย
บนชั้น
  ขอยืม

รายการใกล้เคียง
    ผู้แต่ง [อัญชรีย์]

BibComment


ยังไม่เคยถูกคอมเมนท์

คอมเมนท์ทรัพยากรรายการนี้
  คอมเมนท์: ปริศนารักจากกามเ..


 Copyright 2026. Bcnsprnw @Library